| 000 | 00648nam a2200241 a 4500 | ||
|---|---|---|---|
| 001 | nice12345678 | ||
| 003 | IN_TiNIC | ||
| 005 | 20260116013052.0 | ||
| 008 | 050524s1997 lona grp 000 0 eng | ||
| 020 |
_a0415317 _c16.99 |
||
| 082 | 0 | 0 |
_a305.40722 _bDEL |
| 100 | _aDelamotte, Eugenia | ||
| 245 |
_aWomen Imagine Change _b A Global Anthology of Women`s Resistance |
||
| 260 |
_aLondon _bRoutledge Chapman Hall _c1997 |
||
| 500 | _aincludes index and biblioraphy | ||
| 505 | 2 | _aIndex | |
| 650 | _aWomen-Historiography | ||
| 700 | 1 | _aNatania Meeker | |
| 700 | 1 | _aObarr, Jean | |
| 902 | _bSRS | ||
| 942 | _cBK | ||
| 999 |
_c9520 _d9520 |
||